Normal view
MARC view
- المساجد- اثار اسلامية- الجامع الاموي
Entry Topical Term
001 - CONTROL NUMBER
- control field: 8849
003 - CONTROL NUMBER IDENTIFIER
- control field: JO-AjAnu
005 - DATE AND TIME OF LATEST TRANSACTION
- control field: 20230606071727.0
008 - FIXED-LENGTH DATA ELEMENTS
- fixed length control field: 230606|| aca||aabn | a|a d
040 ## - CATALOGING SOURCE
- Original cataloging agency: JO-AjAnu
- Transcribing agency: JO-AjAnu
150 ## - HEADING--TOPICAL TERM
- Topical term or geographic name entry element: المساجد- اثار اسلامية- الجامع الاموي
670 ## - SOURCE DATA FOUND
- Source citation: Work cat.: (JO-AjAnu)4565: تحقيق وتقديم: الحافظ، محمد مطيع, author 8848, الجامع الأموي بدمشق : نصوص لابن جبير، والعمري، والنعيمي